| 000 | 02046cam a22003974i 4500 | ||
|---|---|---|---|
| 003 | PE-LiUPU | ||
| 005 | 20250731184049.0 | ||
| 008 | 150617s r 000 0 d | ||
| 035 | _a(Sirsi) a14794 | ||
| 040 |
_aPE-LiUPU _bspa _cPE-LiUPU _erda |
||
| 049 | _aPRUA | ||
| 082 | 0 | 4 |
_a808.543985 _bI99 _221 |
| 100 | 1 |
_aIzquierdo Ríos, Francisco, _eautor. |
|
| 245 | 1 | 0 |
_aGregorillo / _cFrancisco Izquierdo Ríos. |
| 264 | 1 |
_aLima : _bHorizonte, _c1989. |
|
| 300 |
_a119 páginas ; _c22 cm |
||
| 336 |
_atext _2rdacontent |
||
| 337 |
_aunmediated _2rdamedia |
||
| 338 |
_avolume _2rdacarrier |
||
| 505 | 0 | _aMis parientes. -El bosque de los tucanes y el riachuelo. -En el ramadón. -Mi abuela y los difuntos. -Pobre tío Joel. -pescas con dinamita. -Pescas con barbasco. -Una formal constancia. -las curuhuinsis. -La muerte rubela. -Dos hombres notables. -La iglesia y otras cosas. -Libars esterlinas. -El pueblo y las flores. -La miel del bosuqe. -Luna y conversación. -Cerdos y jabalíes. -El querido camino. -Doña Abilia. -Espantapajaros. -Un pleito. -Don vinicio. -Un examen. -Los normalistas. -La pampa y los ríos. -Mi casa y la colina de churuchu. -Mis padres y algunas historias. -Otra conversación y luna. -Vecinos. -Baile eclipse. -La ciega. -Balas y valientes. -El ordenanza del capitan. -Rlámpagos de ternura. | |
| 526 | _aP145 | ||
| 526 | _aP127 | ||
| 526 | _aP97 | ||
| 526 | _aP14 | ||
| 526 | _aP07 | ||
| 650 | 0 | 4 |
_aFolclore _zPerú - Amazonas. |
| 650 | 0 | 4 |
_aNovelas de costumbres _zAmazonía. |
| 650 | 0 | 4 |
_aNovelas peruanas _ySiglo XX. |
| 910 |
_ajck _bjvq _cjck _d20150616 |
||
| 942 |
_2ddc _cBOOK |
||
| 949 |
_a808.543985 I99 _wDEWEY _c1 _i31727 _lCCODEBUL1 _mBUL _p00.00 _r0 _sY _tBOOK _u19910911 _xEDUCACION _zUNKNOWN _0COMPRA _o.STAFF. Colección General |
||
| 994 |
_aC0 _bPEPRU |
||
| 596 | _a1 | ||
| 999 |
_a808.543985 I99 _wDEWEY _c5310 _i31727 _f2021-11-5 _g5 _lCCODEBUL1 _mBUL _r0 _sY _tBOOK _u2015-6-17 _xBIBLIOTECA _zUNKNOWN _0COMPRA _o.STAFF. Colección General _d5310 |
||
| 980 |
_81 _gALBERTO SANCHEZ Responsable de Automatización |
||